01370cam a2200265 a 4500001000500000005001700005020001800022020001800040040002300058050002400081082001500105100001800120245013100138260003900269300003700308490003400345500005500379505000700434520054900441521001700990521001701007650002601024650002201050700003201072219920231110081639.0 a9781434218834 a9781434222633 aDLCcDLCdDLCbeng00aPZ7.D15134bTr 201000a813.542221 aDahl, Michael10aTrial of the Amazons /cwritten by Michael Dahl ; illustrated by Dan Schoening Wonder Woman created by William Moulton marston aMankato :bStone Arch Books,c2010 a48 pages :billustrationsc19 cm0 aDC super heroes. Wonder Woman a"Wonder Woman created by William Moulton Marston." aK  aWhen a fighter jet crashes on Paradise Island, young Princess Diana asks her mother, Queen Hippolyta, for permission to enter the world of mortals. The queen thinks Diana's request is a good one. She holds a special competition, a test of skill and bravery, to determine which Amazonian will be permitted to go. But Diana, as a royal princess, is denied from entering the trials! Against her mother's wishes, and behind the disguise of a mask, the princess sets out to prove the she is indeed the best of them--that she alone is a Wonder Woman.1 a590 bLexile0 aK bRaz-Plus 1aSuperheroesvFiction. 1aAmazonsvFiction.1 aSchoening, Daneillustrator